000 00778nam a2200217Ia 4500
999 _c37321
_d37321
001 3280
003 GE_BSU
005 20221102100413.0
008 181216s1996ru xx |||||||||||||| ||rus||
020 _a270711950 5862253181;
040 _cGE_BSU
041 _arus
_hfr
080 _a334 М–50
245 _aЭкономика организаций =L' ECONOMIEDES ORGANISATIONS: /
_cПер. с Франц. ред: ЛюВ. Бобнлева
264 _aМoсква :
_bИНФРА -М,
_c1996.
300 _a160 ст.:
_b20 см.
653 _aЭкономикаорганизаций
653 _aორგანიზაციების ეკონომიკა
700 _a Бобнлева, ЛюВ.
_eრედაქტორი
_915706
942 _cBK
_2udc